A la memoria de Pedro Salinas : poeta, profesor y hombre se dedica este número de Hispania poeta, profesor y hombre se dedica este número de Hispania
Descripción Física:
160 pàg. ; 26 cm
Idioma:
Catalán
MARC
| LEADER | 00000nam a22000007a 4500 | ||
|---|---|---|---|
| 001 | 24823 | ||
| 003 | AGDB | ||
| 005 | 20260324181538.0 | ||
| 008 | 251028b spa||||| |||| 00| 0 cat d | ||
| 245 | |a A la memoria de Pedro Salinas : |b poeta, profesor y hombre se dedica este número de Hispania | ||
| 260 | |a [s.n.] : |b [s.n.] , |c 1952 | ||
| 300 | |a 160 pàg. ; |c 26 cm | ||
| 500 | |a Prové del fons Joan Junyer i Pascual (1909-1994) | ||
| 500 | |a Reimprès d'Hispania Vol. XXXV, No. 2, Maig 1952, als EUA | ||
| 600 | 0 | |a Salinas, Pedro, |d 1891-1951 |9 72430 | |
| 650 | |a Fons Joan Junyer i Pascual (1909-1994) |9 72777 | ||
| 700 | |a Adams, Nicholson B. |q (Nicholson Barney), |d 1895-1970 |9 72709 |e escriptor de text | ||
| 700 | |a Aguilera, Francisco, |d 1899-1981 |9 72710 |e escriptor de text | ||
| 942 | |2 udc |c ARXIU |n 1 | ||
| 952 | |0 0 |1 0 |4 0 |6 F504153 |7 1 |9 98573 |a Arxiu |b Arxiu |d 2025-10-28 |l 0 |o F-504-153 |p 24823 |r 2025-10-28 13:34:42 |w 2025-10-28 |y ARXIU | ||
| 999 | |c 130322 |d 130322 | ||